<?xml version="1.0" encoding="UTF-8"?>
<record
    xmlns:xsi="http://www.w3.org/2001/XMLSchema-instance"
    xsi:schemaLocation="http://www.loc.gov/MARC21/slim http://www.loc.gov/standards/marcxml/schema/MARC21slim.xsd"
    xmlns="http://www.loc.gov/MARC21/slim">

  <leader>02693nam a2200349 a 4500</leader>
  <controlfield tag="003">OSt</controlfield>
  <controlfield tag="005">20240827115726.0</controlfield>
  <controlfield tag="007">cr ||||||a|c|a</controlfield>
  <controlfield tag="008">240827s2024    mx a|||fom||| 001 0 spa d</controlfield>
  <datafield tag="040" ind1=" " ind2=" ">
    <subfield code="e">rda</subfield>
  </datafield>
  <datafield tag="100" ind1="1" ind2=" ">
    <subfield code="a">Pedro Ju&#xE1;rez, F&#xE1;tima Andrea</subfield>
    <subfield code="9">189473</subfield>
  </datafield>
  <datafield tag="245" ind1="1" ind2="0">
    <subfield code="a">Gasto p&#xFA;blico y econom&#xED;a moral a cinco a&#xF1;os del gobierno de la 4T en M&#xE9;xico /</subfield>
    <subfield code="c">por F&#xE1;tima Andrea Pedro Ju&#xE1;rez; director de tesis Jes&#xFA;s Loera Mart&#xED;nez; secretario Daniel Sepulveda Jim&#xE9;nez; vocal Jos&#xE9; Guadalupe Ram&#xED;rez Razo; suplente Jos&#xE9; Samuel Banda Arrieta; suplente Jorge Infante Altamirano.</subfield>
  </datafield>
  <datafield tag="264" ind1=" " ind2="1">
    <subfield code="a">Chapingo, M&#xE9;xico :</subfield>
    <subfield code="b">El autor,</subfield>
    <subfield code="c">2024.</subfield>
  </datafield>
  <datafield tag="300" ind1=" " ind2=" ">
    <subfield code="a">1 recurso en l&#xED;nea (165 p&#xE1;ginas):</subfield>
    <subfield code="b">cuadros,figuras.</subfield>
  </datafield>
  <datafield tag="336" ind1=" " ind2=" ">
    <subfield code="2">rdacontent</subfield>
    <subfield code="a">texto</subfield>
    <subfield code="b">txt</subfield>
  </datafield>
  <datafield tag="337" ind1=" " ind2=" ">
    <subfield code="2">rdamedia</subfield>
    <subfield code="a">computadora</subfield>
    <subfield code="b">c</subfield>
  </datafield>
  <datafield tag="338" ind1=" " ind2=" ">
    <subfield code="2">rdacarrier</subfield>
    <subfield code="a">recurso en l&#xED;nea</subfield>
    <subfield code="b">cr</subfield>
  </datafield>
  <datafield tag="502" ind1=" " ind2=" ">
    <subfield code="b">IEA</subfield>
    <subfield code="c">DICEA</subfield>
    <subfield code="d">2024.</subfield>
    <subfield code="g">LIC</subfield>
  </datafield>
  <datafield tag="504" ind1=" " ind2=" ">
    <subfield code="a">Incluye referencias bibliogr&#xE1;ficas: p&#xE1;ginas 140-154.</subfield>
  </datafield>
  <datafield tag="520" ind1=" " ind2=" ">
    <subfield code="a">En el 2018, despu&#xE9;s de varios a&#xF1;os de estar en campa&#xF1;a, lleg&#xF3; a la presidencia de M&#xE9;xico L&#xF3;pez Obrador, con una aparente moralizaci&#xF3;n econ&#xF3;mica, planteada en su libro &#x201C;Hacia una econom&#xED;a moral&#x201D;. Esta investigaci&#xF3;n analiza la pertinencia del concepto y tambi&#xE9;n el gasto p&#xFA;blico del per&#xED;odo 2015 a 2023. Se concluy&#xF3; que &#x201C;econom&#xED;a moral&#x201D; es una confusi&#xF3;n conceptual ya que, de acuerdo con Poincar&#xE9;, no puede haber moral cient&#xED;fica, pero tampoco puede haber ciencia inmoral. Esto sin considerar la escandalosa corrupci&#xF3;n de la familia presidencial y del gabinete de la 4T. Por otra parte, al comparar el Gasto P&#xFA;blico de cuatro a&#xF1;os de gobierno de Pe&#xF1;a Nieto con cinco de L&#xF3;pez Obrador, se concluy&#xF3; que la 4T en lugar de transformar al pa&#xED;s lo termin&#xF3; destruyendo, al reducir el porcentaje promedio de gasto p&#xFA;blico en educaci&#xF3;n, en salud, en agricultura y ganader&#xED;a, en ciencia y tecnolog&#xED;a y desmantelaron instituciones y programas que eran exitosos, adem&#xE1;s aument&#xF3; la inseguridad nacional y la deuda p&#xFA;blica.</subfield>
  </datafield>
  <datafield tag="650" ind1=" " ind2="4">
    <subfield code="a">Gasto p&#xFA;blico</subfield>
    <subfield code="z">M&#xE9;xico</subfield>
    <subfield code="9">47253</subfield>
  </datafield>
  <datafield tag="650" ind1=" " ind2="4">
    <subfield code="a">Pol&#xED;ticas p&#xFA;blicas</subfield>
    <subfield code="9">146273</subfield>
  </datafield>
  <datafield tag="650" ind1=" " ind2="4">
    <subfield code="a">Gobierno federal</subfield>
    <subfield code="z">M&#xE9;xico</subfield>
    <subfield code="9">48409</subfield>
  </datafield>
  <datafield tag="650" ind1=" " ind2="4">
    <subfield code="a">Neoliberalismo</subfield>
    <subfield code="x">Aspectos sociales</subfield>
    <subfield code="z">M&#xE9;xico</subfield>
    <subfield code="9">137126</subfield>
  </datafield>
  <datafield tag="700" ind1="1" ind2=" ">
    <subfield code="a">Loera Mart&#xED;nez, Jes&#xFA;s</subfield>
    <subfield code="9">67447</subfield>
    <subfield code="e">Director de tesis.</subfield>
  </datafield>
  <datafield tag="700" ind1="1" ind2=" ">
    <subfield code="a">Sep&#xFA;lveda Jim&#xE9;nez, Daniel</subfield>
    <subfield code="9">104482</subfield>
    <subfield code="e">Secretario.</subfield>
  </datafield>
  <datafield tag="700" ind1="1" ind2=" ">
    <subfield code="a">Ram&#xED;rez Razo, Jos&#xE9; Guadalupe</subfield>
    <subfield code="9">94213</subfield>
    <subfield code="e">Vocal.</subfield>
  </datafield>
  <datafield tag="700" ind1="1" ind2=" ">
    <subfield code="a">Banda Arrieta, Jos&#xE9; Samuel</subfield>
    <subfield code="9">9930</subfield>
    <subfield code="e">Suplente.</subfield>
  </datafield>
  <datafield tag="700" ind1="1" ind2=" ">
    <subfield code="a">Infante Altamirano, Jorge</subfield>
    <subfield code="9">58049</subfield>
    <subfield code="e">Suplente.</subfield>
  </datafield>
  <datafield tag="856" ind1=" " ind2=" ">
    <subfield code="z">DESCARGAR PDF</subfield>
    <subfield code="u">http://10.13.5.2/tesis/tl/1411897-6_PEDRO_JUAREZ_FATIMAANDREA.pdf</subfield>
  </datafield>
  <datafield tag="942" ind1=" " ind2=" ">
    <subfield code="2">Clasificaci&#xF3;n Universidad Aut&#xF3;noma Chapingo</subfield>
    <subfield code="c">TD</subfield>
  </datafield>
  <datafield tag="999" ind1=" " ind2=" ">
    <subfield code="c">220109</subfield>
    <subfield code="d">220109</subfield>
  </datafield>
  <datafield tag="952" ind1=" " ind2=" ">
    <subfield code="0">0</subfield>
    <subfield code="1">0</subfield>
    <subfield code="2">local</subfield>
    <subfield code="4">0</subfield>
    <subfield code="5">1</subfield>
    <subfield code="7">0</subfield>
    <subfield code="8">TesDigL</subfield>
    <subfield code="a">BD</subfield>
    <subfield code="b">BD</subfield>
    <subfield code="c">E_L</subfield>
    <subfield code="d">2024-08-27</subfield>
    <subfield code="l">0</subfield>
    <subfield code="o">Tesis digital</subfield>
    <subfield code="r">2024-08-27 09:13:38</subfield>
    <subfield code="w">2024-08-27</subfield>
    <subfield code="y">TD</subfield>
  </datafield>
</record>
